Coca, cocan̕a y violencia

Detalles Bibliográficos
Autor principal: Zuleta, Hernando
Formato: eBook
Lenguaje:español
Publicado: Bogot:̀ Universidad de Los Andes (Colombia), 2022
Materias:
Acceso en línea:Acceso restringido

MARC

LEADER 00000nam a22000007a 4500
005 2022101302482.0
007 cr|||| ||||
008 221013s2022 co |||||s|||| 00||0 spa d
020 |a 978-958-798-271-8 
035 |a 37401 
040 |a vLex 
090 |c 14026  |d 14026 
100 1 |a Zuleta, Hernando 
245 1 0 |a Coca, cocan̕a y violencia  |h [Recurso electrn̤ico] /  |c Hernando Zuleta 
256 |a Servicio en ln̕ea 
260 |a Bogot:̀  |b Universidad de Los Andes (Colombia),  |c 2022 
300 |a 1 recurso electrn̤ico 
506 1 |a Disponible solo en los productos indicados  |d vLex Global  |d vLex Global (Academic Edition, excluding Law Schools)  |d vLex Global (U.S. Academic Edition, Law Schools)  |d vLex Global (U.S. Academic Edition, excluding Law Schools)  |d vLex Global (Academic Edition, Law Schools) 
650 0 4 |a Derecho Penal  |z Colombia 
740 0 |a vLex Libros (Servicio en ln̕ea) 
856 4 0 |u https://app.vlex.com/#/sources/37401  |z Acceso restringido 
942 |c BOOK 
999 0 |a Criminal law